000 00678nam a2200193Ia 4500
008 151121s9999||||xx |||||||||||||| ||und||
082 _a818 / पेठे
082 _bHNW-77129
100 _aपेठे मेघना
245 _aआंधळंााच्या गायी। । । ।
260 _b"राजहंस प्रकाशन, पुणे।"
260 _c--
300 _a148
600 _aपेठे मेघना
630 _aआंधळंााच्या गायी। । । ।
700 _aपेठे मेघना
730 _aआंधळंााच्या गायी। । । ।
942 _cBOOK
999 _c1258548
_d1258545